Don Quijote de la Mancha II /
Guardado en:
| Autor Principal: | |
|---|---|
| Formato: | Libro |
| Idioma: | Spanish |
| Publicado: |
Buenos Aires :
Hyspamerica,
1984.
|
| Edición: | 1a ed. |
| Series: | Historia Universal de la Literatura ;
71 |
| Materias: | |
| Etiquetas: |
Agregar Etiqueta
Sin Etiquetas, Sea el primero en etiquetar este registro!
|
| LEADER | 00659nam a22002055a 4500 | ||
|---|---|---|---|
| 001 | CEM.cems024502 | ||
| 008 | 250212s1984####ag############000#0#spa#d | ||
| 005 | 20250212153548.0 | ||
| 245 | 1 | 0 | |a Don Quijote de la Mancha II / |c Miguel de Cervantes Saavedra. |
| 250 | |a 1a ed. | ||
| 260 | |a Buenos Aires : |b Hyspamerica, |c 1984. | ||
| 300 | |a 970 p. | ||
| 490 | 1 | |a Historia Universal de la Literatura ; |v 71 | |
| 020 | |a 9506141819 | ||
| 020 | |a 9506141835 | ||
| 100 | 1 | |a Cervantes Saavedra, Miguel de. | |
| 653 | |a Literatura española | ||
| 653 | |a Novela española | ||
| 653 | |a Siglo de oro español | ||
| 859 | |a CEMS |b BIB. CEMS - 11 de abril |h 863.3 |i C337-13 |p 29790.25 |t Ej.1 |v II | ||
